| 000 | 00532nam a2200169Ia 4500 | ||
|---|---|---|---|
| 008 | 110201s9999 xx 000 0 und d | ||
| 082 |
_bB1505 _aK 57 |
||
| 100 | _aबोरकर कमलाकर | ||
| 245 | _aपाऊले चालती | ||
| 260 | _bत्रिदल प्रकाशन | ||
| 365 | _b12 | ||
| 600 | _aबोरकर कमलाकर | ||
| 630 | _aपाऊले चालती | ||
| 700 | _aबोरकर कमलाकर | ||
| 730 | _aपाऊले चालती | ||
| 942 | _cBOOK | ||
| 999 |
_c828739 _d828736 |
||